<?xml version="1.0" encoding="UTF-8"?>
<record
    xmlns:xsi="http://www.w3.org/2001/XMLSchema-instance"
    xsi:schemaLocation="http://www.loc.gov/MARC21/slim http://www.loc.gov/standards/marcxml/schema/MARC21slim.xsd"
    xmlns="http://www.loc.gov/MARC21/slim">

  <leader>01015nam a2200229 a 4500</leader>
  <controlfield tag="001">BRCA_2995</controlfield>
  <controlfield tag="005">20190320204048.0</controlfield>
  <controlfield tag="008">160109s2004-------a---###---#000-0#eng-#</controlfield>
  <datafield tag="020" ind1=" " ind2=" ">
    <subfield code="a">3922912605</subfield>
  </datafield>
  <datafield tag="050" ind1=" " ind2="4">
    <subfield code="a">TR647</subfield>
    <subfield code="b">.N86 2004</subfield>
  </datafield>
  <datafield tag="100" ind1="1" ind2=" ">
    <subfield code="a">Nungesser, Michael</subfield>
    <subfield code="9">8282</subfield>
  </datafield>
  <datafield tag="245" ind1="1" ind2="0">
    <subfield code="a">1882 Hugo Brehme 1954</subfield>
    <subfield code="b">Fotograf : Mexiko zwischen Revolution und Romantik = fot&#xF3;grafo : M&#xE9;xico entre revoluci&#xF3;n y romanticismo</subfield>
    <subfield code="c">Michael Nungesser, editor.</subfield>
  </datafield>
  <datafield tag="260" ind1=" " ind2=" ">
    <subfield code="a">Berlin</subfield>
    <subfield code="b">Willmuth Arenh&#xF6;vel</subfield>
    <subfield code="c">2004</subfield>
  </datafield>
  <datafield tag="300" ind1=" " ind2=" ">
    <subfield code="a">208 p.</subfield>
    <subfield code="b">il. (algunas a color)</subfield>
    <subfield code="c">28 cm.</subfield>
  </datafield>
  <datafield tag="500" ind1=" " ind2=" ">
    <subfield code="a">Cat&#xE1;logo de la exposici&#xF3;n realizada en Martin-Gropius-Bau (Berlin), 7 mayo - 5 julio, 2004 y en Marstall des Th&#xFC;ringer Museums Eisenach (Wartburg), 10 julio - 28 agosto, 2004</subfield>
  </datafield>
  <datafield tag="504" ind1=" " ind2=" ">
    <subfield code="a">Bibliograf&#xED;a : p. 202-207</subfield>
  </datafield>
  <datafield tag="546" ind1=" " ind2=" ">
    <subfield code="a">Texto en : alem&#xE1;n y espa&#xF1;ol</subfield>
  </datafield>
  <datafield tag="600" ind1="1" ind2="4">
    <subfield code="a">Brehme, Hugo</subfield>
    <subfield code="v">Exposiciones</subfield>
    <subfield code="9">8283</subfield>
  </datafield>
  <datafield tag="650" ind1="1" ind2="4">
    <subfield code="a">Fotograf&#xED;a art&#xED;stica</subfield>
    <subfield code="v">Exposiciones</subfield>
    <subfield code="9">8284</subfield>
  </datafield>
  <datafield tag="651" ind1=" " ind2="4">
    <subfield code="a">M&#xE9;xico</subfield>
    <subfield code="v">Exposiciones</subfield>
    <subfield code="x">Trabajos Ilustrados</subfield>
    <subfield code="9">8285</subfield>
  </datafield>
  <datafield tag="942" ind1=" " ind2=" ">
    <subfield code="2">lcc</subfield>
    <subfield code="c">B</subfield>
  </datafield>
  <datafield tag="999" ind1=" " ind2=" ">
    <subfield code="c">2734</subfield>
    <subfield code="d">2734</subfield>
  </datafield>
  <datafield tag="952" ind1=" " ind2=" ">
    <subfield code="0">0</subfield>
    <subfield code="1">0</subfield>
    <subfield code="4">0</subfield>
    <subfield code="7">0</subfield>
    <subfield code="a">BRCA</subfield>
    <subfield code="b">BRCA</subfield>
    <subfield code="d">2009-01-16</subfield>
    <subfield code="l">0</subfield>
    <subfield code="o">TR647 .N86 2004</subfield>
    <subfield code="p">02425</subfield>
    <subfield code="r">2019-03-22 00:00:00</subfield>
    <subfield code="w">2019-03-22</subfield>
    <subfield code="y">B</subfield>
  </datafield>
</record>
